000 02154nam0a22003371 4500
001 rc\3932520
005 20260406195445.0
021 _aRU
_b[48-32467]
035 _a(NLR Aleph) 008033442
090 _a8835716
_c8835716
100 _a20130415d1948 |||y0rusy50 ca
101 0 _arus
102 _aRU
105 _ay z |||||
200 1 _aВ помощь учителю химии
_eСборник статей
_fПод общ. ред. В.И. Горемыкина
_gСталингр. обл. ин-т усовершенствования учителей
210 _aСталинград
_cОбл. кн-во
_d1948
_gТип. Упр. изд-в и полиграфии
215 _a30 с.
_d20
320 _aБиблиогр.: с. 20 (9 назв.)
327 1 _aСодерж.: 30 лет советской химии / Н.Д. Подобед. К вопросу о химической подготовке выпускников средних школ Сталинградской области / А.Д. Чендров
464 0 _12001#$a30 лет советской химии
_1700#1$aПодобед$bН.Д.
_t30 лет советской химии
_aПодобед, Н.Д.
464 0 _12001#$aК вопросу о химической подготовке выпускников средних школ Сталинградской области
_1700#1$aЧендров$bА.Д.
_tК вопросу о химической подготовке выпускников средних школ Сталинградской области
_aЧендров, А.Д.
606 _aХимическая наука в СССР
_2psbo
606 _aХимия
_xМетодика преподавания
_2psbo
702 1 _4340
_7ca
_8rus
_aГоремыкин
_bВ. И.
_f1902-1958
_gВасилий Иванович
_92641279
_3RU\NLR\AUTH\770273049
712 0 2 _aВолгоградский областной институт усовершенствования учителей
_9413795
_3RU\NLR\AUTH\889958807
801 0 _aRU
_bNLR
_gpsbo
801 1 _aRU
_bELAR
_2rusmarc
852 _aNLR
_jПр20 Г-4/1089
942 _cBOOK
980 _aNB